[Event "Mondiale Semilampo FIDE 2024"]
[Site "New York"]
[Date "28.12.2024"]
[Round "10.17"]
[White "Dardha, Daniel"]
[Black "Xiong, Jeffery"]
[Result "1-0"]
[WhiteTitle "GM"]
[BlackTitle "GM"]
[WhiteElo "2639"]
[BlackElo "2636"]
[WhiteFideId "240990"]
[BlackFideId "2047640"]
[EventDate "26.12.2024"]

1. Nf3 d5 2. e3 Nf6 3. c4 dxc4 4. Bxc4 e6 5. Nc3 a6 6. d4 b5 7. Bb3 Bb7 8. O-O
Nbd7 9. Qe2 c5 10. e4 cxd4 11. Nxd4 Qb8 12. Be3 Nc5 13. f4 Ncxe4 14. Nxe4 Bxe4
15. f5 e5 16. Bg5 Bc5 17. Bxf6 Bxd4+ 18. Kh1 Bxg2+ 19. Qxg2 gxf6 20. Rac1 Ra7
21. Rc6 e4 22. Qxe4+ Be5 23. Rxf6 Kf8 24. Qb4+ Ke8 25. Qe4 Kf8 26. Rc6 Re7 27.
f6 Bxf6 28. Qf5 1-0

[Event "Mondiale Semilampo FIDE 2024"]
[Site "New York"]
[Date "28.12.2024"]
[Round "10.18"]
[White "Lomasov, Semyon"]
[Black "Bortnyk, Olexandr"]
[Result "0-1"]
[WhiteTitle "GM"]
[BlackTitle "GM"]
[WhiteElo "2559"]
[BlackElo "2603"]
[WhiteFideId "24164879"]
[BlackFideId "14120828"]
[EventDate "26.12.2024"]

1. e4 d6 2. d4 Nf6 3. Nc3 e5 4. Nf3 Nbd7 5. Bc4 Be7 6. O-O O-O 7. a4 a6 8. a5 b5
9. axb6 cxb6 10. Qe2 Bb7 11. Rxa6 Bxa6 12. Bxa6 Qc7 13. d5 Nb8 14. Bb5 Ra1 15.
Nd2 Nfd7 16. Nb3 Ra8 17. Be3 h6 18. g3 f5 19. exf5 Rxf5 20. Qg4 Rf7 21. Bxh6 Nf6
22. Qg6 Nbd7 23. Be3 Nf8 24. Qd3 Ng4 25. Bd2 Nh7 26. h3 Nh6 27. Ne4 Raf8 28. Kg2
Qc8 29. Qc4 Qf5 30. Qe2 Qc8 31. Bd3 Nf5 32. Ra1 Qb7 33. Ba6 Qxd5 34. Bc4 Qc6 35.
Qd3 Nf6 36. f3 d5 37. Nxf6+ Qxf6 38. Bxd5 Qg6 39. g4 Nh4+ 40. Kh1 Qxd3 41. cxd3
Rd8 42. Bxf7+ Kxf7 43. Re1 Nxf3 44. Re3 e4 45. Rxe4 Nxd2 46. Nxd2 Rxd3 47. Nc4
Rxh3+ 48. Kg2 Rb3 49. Ne5+ Kg8 50. Nc4 Bf6 51. Re8+ Kh7 52. Rb8 b5 53. Na5 Rxb2+
54. Kf3 b4 55. Nc6 Bc3 56. g5 Rb1 57. Ne7 b3 58. g6+ Kh6 59. Kg4 Rg1+ 60. Kf5
Rg5+ 61. Ke6 Re5+ 62. Kd6 b2 63. Nd5 Bd4 64. Nf4 Re1 0-1

[Event "Mondiale Semilampo FIDE 2024"]
[Site "New York"]
[Date "28.12.2024"]
[Round "10.19"]
[White "Aravindh, Chithambaram VR."]
[Black "Cheparinov, Ivan"]
[Result "1/2-1/2"]
[WhiteTitle "GM"]
[BlackTitle "GM"]
[WhiteElo "2718"]
[BlackElo "2646"]
[WhiteFideId "5072786"]
[BlackFideId "2905540"]
[EventDate "26.12.2024"]

1. e4 e5 2. Nf3 Nc6 3. Bc4 Nf6 4. d3 Bc5 5. c3 d6 6. Bg5 h6 7. Bh4 a5 8. Nbd2
Ba7 9. O-O g5 10. Bg3 O-O 11. Kh1 Nh7 12. Rc1 Kh8 13. Qb3 Bb6 14. d4 a4 15. Qc2
g4 16. Nh4 exd4 17. f4 a3 18. b4 dxc3 19. Nb3 Qf6 20. e5 Qg7 21. Be1 Nxb4 22.
Qe4 d5 23. Bxd5 Nxd5 24. Qxd5 Be6 25. Qe4 Rfd8 26. Bxc3 Kg8 27. Nd2 Ba5 28. Bxa5
Rxa5 29. Rf2 Rad5 30. Nf1 c6 31. Qb4 Qf8 32. Qxb7 Rb5 33. Qa7 Rb2 34. f5 Bd5 35.
Ng3 Ra8 36. Qe3 Rxf2 37. Qxf2 Qe7 38. Nh5 Qxe5 39. Re1 Qb2 40. Qf4 Nf6 41. Qxh6
Nxh5 42. Qxh5 Qg7 43. f6 Qxf6 44. Nf5 Rb8 45. Qxg4+ Kf8 46. Qg3 Ra8 47. Ne7 Qg7
48. Nxd5 Qxg3 49. hxg3 cxd5 50. Rd1 Ra5 51. Kg1 Ke7 52. Rd3 Ke6 53. Kf2 Ke5 54.
Re3+ Kd4 55. Ke2 Kc4 56. Kd2 d4 57. Re7 Rg5 58. Rc7+ Kd5 59. Rd7+ Kc5 60. Rc7+
Kd6 61. Rxf7 Rxg3 62. Rf5 Kc6 63. Ra5 Kb6 64. Rd5 Rxg2+ 65. Kc1 Rg4 66. Kc2 Kc6
67. Ra5 Rg3 68. Kd2 Rh3 69. Kc2 Rc3+ 70. Kd2 Rf3 71. Kc2 Rf2+ 72. Kd3 Kb6 73.
Ra8 1/2-1/2

[Event "Mondiale Semilampo FIDE 2024"]
[Site "New York"]
[Date "28.12.2024"]
[Round "10.20"]
[White "Lu, Shanglei"]
[Black "Pranav, V"]
[Result "1/2-1/2"]
[WhiteTitle "GM"]
[BlackTitle "GM"]
[WhiteElo "2609"]
[BlackElo "2621"]
[WhiteFideId "8603332"]
[BlackFideId "25060783"]
[EventDate "26.12.2024"]

1. e4 e5 2. Nf3 Nc6 3. Nc3 Nf6 4. d4 exd4 5. Nxd4 Bb4 6. Nxc6 bxc6 7. Bd3 O-O 8.
O-O Re8 9. Bg5 h6 10. Bh4 d5 11. exd5 g5 12. Bg3 cxd5 13. a3 Bg4 14. Qd2 Bc5 15.
h3 Be6 16. Rfe1 c6 17. b4 Bd6 18. Ne2 Nh5 19. Bxd6 Qxd6 20. Nd4 Nf4 21. Re3 Bd7
22. Rae1 Rxe3 23. Qxe3 a5 24. Bf5 Re8 25. Qd2 axb4 26. Rxe8+ Bxe8 27. axb4 c5
28. bxc5 Qxc5 29. c3 Qe7 30. g3 Nh5 31. Bg4 Ng7 32. Bf3 Bd7 33. Kg2 Be6 34. Qe3
Qd7 35. h4 gxh4 36. gxh4 Bg4 37. Qf4 Bxf3+ 38. Qxf3 Qd6 39. Qg4 Qe5 40. Qg3 Qe4+
41. Qf3 Qxh4 42. Qxd5 Qg4+ 43. Kh2 Qh4+ 44. Kg1 Qg4+ 45. Kh2 1/2-1/2

[Event "Mondiale Semilampo FIDE 2024"]
[Site "New York"]
[Date "28.12.2024"]
[Round "10.21"]
[White "Anton Guijarro, David"]
[Black "Bjerre, Jonas Buhl"]
[Result "1/2-1/2"]
[WhiteTitle "GM"]
[BlackTitle "GM"]
[WhiteElo "2673"]
[BlackElo "2642"]
[WhiteFideId "2285525"]
[BlackFideId "1444948"]
[EventDate "26.12.2024"]

1. e4 e5 2. Nf3 Nc6 3. Bc4 Nf6 4. d3 Be7 5. Nc3 d6 6. a4 a5 7. O-O O-O 8. Re1 h6
9. h3 Be6 10. Nd5 Bxd5 11. exd5 Nb4 12. d4 Re8 13. dxe5 dxe5 14. Nxe5 Nbxd5 15.
Nd3 Bd6 16. Bd2 Rxe1+ 17. Bxe1 c6 18. Qf3 Bc7 19. Bd2 Qd6 20. g3 Qe6 21. h4 Re8
22. Re1 Qd7 23. Rxe8+ Qxe8 24. Kg2 Bb6 25. Be1 Qe7 26. Bb3 Nc7 27. Bc3 Ncd5 28.
Be5 Bc7 29. Qf5 Bxe5 30. Qxe5 Qxe5 31. Nxe5 Kf8 32. Nc4 b6 33. Ne5 c5 34. g4 g5
35. hxg5 hxg5 36. Kf3 Ke7 37. Bxd5 Nxd5 38. Ke4 Ke6 39. Nc4 Nf6+ 40. Kf3 Nd7 41.
Ke4 Nf6+ 42. Kf3 Nd7 43. Ke4 1/2-1/2

[Event "Mondiale Semilampo FIDE 2024"]
[Site "New York"]
[Date "28.12.2024"]
[Round "10.22"]
[White "Gelfand, Boris"]
[Black "Jumabayev, Rinat"]
[Result "1/2-1/2"]
[WhiteTitle "GM"]
[BlackTitle "GM"]
[WhiteElo "2657"]
[BlackElo "2573"]
[WhiteFideId "2805677"]
[BlackFideId "13702661"]
[EventDate "26.12.2024"]

1. d4 d5 2. c4 e6 3. Nf3 Nf6 4. g3 Be7 5. Bg2 O-O 6. O-O dxc4 7. Qc2 c6 8. a4 b6
9. Na3 Bb7 10. Rd1 b5 11. axb5 cxb5 12. Nxb5 Qb6 13. Na3 Bxa3 14. Rxa3 Rc8 15.
Rc3 Be4 16. Rxc4 Nc6 17. Qa4 Bd5 18. Ne5 Nxe5 19. Rxc8+ Rxc8 20. Bxd5 Nd3 21.
Bc4 Nxc1 1/2-1/2

[Event "Mondiale Semilampo FIDE 2024"]
[Site "New York"]
[Date "28.12.2024"]
[Round "10.23"]
[White "Theodorou, Nikolas"]
[Black "Meier, Georg"]
[Result "1-0"]
[WhiteTitle "GM"]
[BlackTitle "GM"]
[WhiteElo "2600"]
[BlackElo "2599"]
[WhiteFideId "4262875"]
[BlackFideId "4675789"]
[EventDate "26.12.2024"]

1. Nf3 Nf6 2. c4 e6 3. g3 b6 4. Bg2 Bb7 5. O-O c5 6. b3 Be7 7. Bb2 O-O 8. d4
cxd4 9. Qxd4 d6 10. Rd1 Qc7 11. Nc3 a6 12. Qf4 Nbd7 13. g4 Rfd8 14. g5 Ne8 15.
h4 Rac8 16. Rac1 Nc5 17. Qg4 Bf8 18. h5 f5 19. Qh4 Qf7 20. g6 Qe7 21. gxh7+ Kxh7
22. Qg3 Nf6 23. Qg6+ Kg8 24. Ng5 Qe8 25. Bxb7 Nxb7 26. Nxe6 Qxe6 27. Nd5 Be7 28.
h6 Qf7 29. Nxf6+ 1-0

[Event "Mondiale Semilampo FIDE 2024"]
[Site "New York"]
[Date "28.12.2024"]
[Round "10.24"]
[White "Grigoryan, Karen H."]
[Black "Chasin, Nico"]
[Result "1-0"]
[WhiteTitle "GM"]
[BlackTitle "IM"]
[WhiteElo "2618"]
[BlackElo "2417"]
[WhiteFideId "13301004"]
[BlackFideId "30908477"]
[EventDate "26.12.2024"]

1. d4 Nf6 2. c4 e6 3. Nc3 Bb4 4. e3 O-O 5. Ne2 Re8 6. a3 Bf8 7. g3 d5 8. b3 dxc4
9. bxc4 c5 10. d5 Nbd7 11. dxe6 Ne5 12. exf7+ Kxf7 13. Bg2 Qxd1+ 14. Nxd1 Nd3+
15. Kd2 Bf5 16. Nec3 Rad8 17. Bd5+ Kg6 18. g4 Be4 19. Nxe4 Nxd5 20. cxd5 Nxc1
21. Rxc1 Rxe4 22. Nc3 Rxg4 23. Rhg1 Rxg1 24. Rxg1+ Kf7 25. Rb1 Rd7 26. Kd3 c4+
27. Kxc4 Bxa3 28. Nb5 Be7 29. Nxa7 Bd6 30. f4 g5 31. fxg5 Kg6 32. h4 Bg3 33.
Rb6+ Kf5 34. Rh6 Kg4 35. g6 hxg6 36. Rxg6+ Kf3 37. Nb5 Bxh4 38. Re6 Bg5 39. e4
Ke3 40. d6 Bf4 41. Kd5 Rh7 42. e5 Rh2 43. Re8 Rb2 44. d7 Bg5 45. Nd6 Rd2+ 46.
Ke6 b5 47. Rg8 1-0

[Event "Mondiale Semilampo FIDE 2024"]
[Site "New York"]
[Date "28.12.2024"]
[Round "10.25"]
[White "Shankland, Sam"]
[Black "Isanzhulov, Arystan"]
[Result "1-0"]
[WhiteTitle "GM"]
[BlackTitle "IM"]
[WhiteElo "2672"]
[BlackElo "2395"]
[WhiteFideId "2004887"]
[BlackFideId "13711644"]
[EventDate "26.12.2024"]

1. d4 Nf6 2. c4 e6 3. Nc3 Bb4 4. e3 O-O 5. Ne2 c6 6. a3 Ba5 7. c5 Bc7 8. g3 b6
9. Bg2 Ba6 10. O-O bxc5 11. dxc5 e5 12. b4 Bc4 13. Qc2 d5 14. cxd6 Qxd6 15. Bb2
Qe6 16. Rac1 Bb3 17. Qb1 a6 18. Ne4 Nxe4 19. Bxe4 f5 20. Bg2 Ra7 21. Bh3 Qf7 22.
Nc3 Nd7 23. Ba1 g6 24. e4 Bc4 25. Rfd1 Nf6 26. exf5 Bb6 27. Na4 Bc7 28. fxg6
hxg6 29. Rxc4 Qxc4 30. Qxg6+ Kh8 31. Qh6+ Nh7 32. Rd7 Qc1+ 33. Qxc1 1-0

[Event "Mondiale Semilampo FIDE 2024"]
[Site "New York"]
[Date "28.12.2024"]
[Round "10.26"]
[White "Martirosyan, Haik M."]
[Black "Vakhidov, Jakhongir"]
[Result "1-0"]
[WhiteTitle "GM"]
[BlackTitle "GM"]
[WhiteElo "2656"]
[BlackElo "2546"]
[WhiteFideId "13306553"]
[BlackFideId "14201801"]
[EventDate "26.12.2024"]

1. e4 c5 2. Nf3 g6 3. c3 d5 4. e5 Bg4 5. Bb5+ Nc6 6. Bxc6+ bxc6 7. O-O Bxf3 8.
Qxf3 Nh6 9. d3 Nf5 10. Nd2 Bh6 11. Qe2 Bxd2 12. Bxd2 h5 13. b3 a5 14. Be3 Qb6
15. Rfc1 d4 16. cxd4 cxd4 17. Bd2 O-O 18. Rc4 a4 19. bxa4 Qb2 20. Qd1 Rfb8 21.
a5 Qa3 22. Be1 Ra6 23. Rb1 Rb5 24. Qc2 Kg7 25. Rxb5 cxb5 26. Bb4 Qa4 27. Qxa4
bxa4 28. a3 f6 29. exf6+ Kxf6 30. Rc5 Ke6 31. g3 Kd7 32. Kg2 Re6 33. h3 Ra6 34.
g4 hxg4 35. hxg4 Nd6 36. Rd5 Ke6 37. Rxd4 g5 38. Bd2 Nf7 39. Rxa4 Ne5 40. Rb4
Ra8 41. Kg3 Nxd3 42. Rb5 Ne5 43. Bxg5 Nc4 44. Rb4 Nxa3 45. Re4+ Kd5 46. Rxe7
Rxa5 47. Bf4 Nc4 48. g5 Ra1 49. Kg4 Rg1+ 50. Bg3 1-0

[Event "Mondiale Semilampo FIDE 2024"]
[Site "New York"]
[Date "28.12.2024"]
[Round "10.27"]
[White "Can, Isik"]
[Black "Sargsyan, Shant"]
[Result "1/2-1/2"]
[WhiteTitle "IM"]
[BlackTitle "GM"]
[WhiteElo "2499"]
[BlackElo "2646"]
[WhiteFideId "6383742"]
[BlackFideId "13306766"]
[EventDate "26.12.2024"]

1. e4 e6 2. d4 d5 3. Nd2 c5 4. exd5 Qxd5 5. Ngf3 cxd4 6. Bc4 Qd6 7. O-O Nf6 8.
Nb3 Nc6 9. Nbxd4 Nxd4 10. Nxd4 Be7 11. c3 O-O 12. Qf3 Qc7 13. Bb3 Bd7 14. Bg5 a5
15. Bc2 h6 16. Bh4 Bc6 17. Nxc6 Qxc6 18. Qxc6 bxc6 19. Ba4 Rfc8 20. Rfd1 Kf8 21.
Kf1 Rab8 22. Rab1 Ne4 23. Bg3 Rb7 24. Bc2 Nxg3+ 25. hxg3 Rcb8 26. b3 Bf6 27. Be4
Rc7 28. Ke2 Ke7 29. Kd3 g5 30. g4 Rb5 31. Kc4 Re5 32. Bf3 h5 33. Re1 hxg4 34.
Bxg4 Rd5 35. Rbd1 Bg7 36. a4 f5 37. Bf3 g4 38. Be2 Kf6 39. b4 Bf8 40. f3 g3 41.
f4 Rb7 42. Bf3 axb4 43. Bxd5 exd5+ 44. Kd3 bxc3 45. Rb1 Bb4 46. Re5 Rb6 47. Rh1
Ba3 48. Rh5 Rb2 49. Rhxf5+ Kg6 50. Rg5+ Kf6 51. Rgf5+ Kg6 52. Kxc3 Rxg2 53. Rg5+
Kf6 54. Rgf5+ Kg6 55. Rg5+ Kf6 56. Re3 Bc5 57. Rexg3 Ra2 58. Rg6+ Kf5 59. Kb3
Ra3+ 60. Kb2 Rxa4 61. Rxc6 1/2-1/2

[Event "Mondiale Semilampo FIDE 2024"]
[Site "New York"]
[Date "28.12.2024"]
[Round "10.28"]
[White "Le, Quang Liem"]
[Black "Rakhmanov, Aleksandr"]
[Result "1-0"]
[WhiteTitle "GM"]
[BlackTitle "GM"]
[WhiteElo "2739"]
[BlackElo "2585"]
[WhiteFideId "12401137"]
[BlackFideId "4173708"]
[EventDate "26.12.2024"]

1. d4 e6 2. c4 Bb4+ 3. Bd2 Bxd2+ 4. Qxd2 d5 5. Nc3 Nf6 6. e3 Nbd7 7. cxd5 exd5
8. Bd3 c6 9. Nge2 O-O 10. O-O a5 11. f3 c5 12. Bb5 cxd4 13. Qxd4 Nb6 14. Rfd1
Be6 15. Nf4 Rc8 16. Rac1 h6 17. Nce2 Rxc1 18. Rxc1 Nc8 19. a4 Qe7 20. Qe5 Qd6
21. Qxd6 Nxd6 22. Nxe6 fxe6 23. Nf4 Nxb5 24. axb5 e5 25. Ng6 Re8 26. Rc7 e4 27.
Kf2 d4 28. exd4 Rd8 29. Ne7+ Kf8 30. Nf5 Rd5 31. Rc5 Rd7 32. b6 g6 33. Nxh6 Rxd4
34. Rc7 Nd5 35. Rxb7 e3+ 36. Kg3 Rb4 37. Rf7+ Ke8 38. b7 Ne7 39. Rf4 e2 40.
b8=Q+ Rxb8 41. Re4 Rxb2 42. Ng8 Rb7 43. Rxe2 Kf7 44. Nxe7 Rxe7 45. Ra2 Ra7 46.
Ra4 Ke6 47. Kf4 Kf6 48. h4 Ra8 49. g4 Ra6 50. g5+ Ke6 51. Kg4 Ra8 52. f4 Ra7 53.
h5 gxh5+ 54. Kxh5 Kf5 55. g6 Ra8 56. g7 Kf6 57. Kh6 Kf7 58. f5 Ra7 59. Rg4 Kg8
60. f6 a4 61. Kg6 a3 62. Rh4 1-0

[Event "Mondiale Semilampo FIDE 2024"]
[Site "New York"]
[Date "28.12.2024"]
[Round "10.29"]
[White "Van Foreest, Jorden"]
[Black "Tari, Aryan"]
[Result "1-0"]
[WhiteTitle "GM"]
[BlackTitle "GM"]
[WhiteElo "2677"]
[BlackElo "2629"]
[WhiteFideId "1039784"]
[BlackFideId "1510045"]
[EventDate "26.12.2024"]

1. d4 Nf6 2. Nf3 g6 3. g3 Bg7 4. Bg2 d5 5. O-O O-O 6. c4 c6 7. a4 dxc4 8. Na3
Na6 9. Nxc4 Be6 10. b3 c5 11. Bb2 Bd5 12. Rc1 Rc8 13. Ne3 Be4 14. Bh3 e6 15. Ng5
Qe7 16. dxc5 Rfd8 17. Qe1 Bc6 18. b4 Ng4 19. Nxg4 Bxb2 20. Nh6+ Kg7 21. Nhxf7
Bxc1 22. Nxd8 1-0

[Event "Mondiale Semilampo FIDE 2024"]
[Site "New York"]
[Date "28.12.2024"]
[Round "10.30"]
[White "Ivanchuk, Vasyl"]
[Black "Suleymanli, Aydin"]
[Result "1-0"]
[WhiteTitle "GM"]
[BlackTitle "GM"]
[WhiteElo "2630"]
[BlackElo "2623"]
[WhiteFideId "14100010"]
[BlackFideId "13413937"]
[EventDate "26.12.2024"]

1. d4 Nf6 2. Bf4 d5 3. e3 c5 4. dxc5 Nc6 5. Bb5 e6 6. b4 a5 7. c3 Bd7 8. Qb3 Ne4
9. f3 Nf6 10. Bg3 h5 11. h4 Be7 12. a4 O-O 13. Ne2 Ne8 14. Nd2 Bf6 15. Rd1 Ne5
16. Nd4 Ng6 17. Kf2 e5 18. Ne2 Nc7 19. Bxd7 Qxd7 20. b5 Be7 21. c4 d4 22. exd4
exd4 23. Ne4 Ne6 24. Bd6 f5 25. Ng5 Nxc5 26. Bxc5 Bxc5 27. Nc1 d3+ 28. Kf1 d2
29. Nd3 Be3 30. c5+ Kh8 31. Ne5 Nxe5 32. Qxe3 Nc4 33. Qe6 Qd3+ 34. Kf2 Rf6 35.
Qe7 Qd4+ 36. Kg3 Ne3 37. Kh3 Ng4 38. Rhf1 Qd3 39. Ne6 Rg8 40. Nf4 Qe3 41. Nd5
Nf2+ 42. Rxf2 Qxf2 43. Nxf6 gxf6 44. Qxf6+ Rg7 45. Qf8+ Kh7 46. Qxf5+ Kh8 47.
Qxh5+ Kg8 48. Qd5+ Kh8 49. g4 Rh7 50. Qd8+ Kg7 51. Qg5+ Kf8 52. Rxd2 Qxf3+ 53.
Kh2 Rxh4+ 54. Qxh4 Qf4+ 55. Kg1 Qxd2 56. Qf2+ 1-0

[Event "Mondiale Semilampo FIDE 2024"]
[Site "New York"]
[Date "28.12.2024"]
[Round "10.31"]
[White "Hong, Andrew"]
[Black "Salem, A.R. Saleh"]
[Result "1/2-1/2"]
[WhiteTitle "GM"]
[BlackTitle "GM"]
[WhiteElo "2572"]
[BlackElo "2622"]
[WhiteFideId "2099438"]
[BlackFideId "9301348"]
[EventDate "26.12.2024"]

1. e4 e5 2. Nf3 Nc6 3. Nc3 Nf6 4. a4 Be7 5. Bc4 Nxe4 6. Nxe4 d5 7. Bd3 f5 8. Nc3
e4 9. Bb5 exf3 10. Qxf3 a6 11. Bxc6+ bxc6 12. d4 Rb8 13. O-O O-O 14. b3 f4 15.
Ne2 g5 16. Qc3 Bb4 17. Qf3 g4 18. Qd3 Bf5 19. Qd1 f3 20. Ng3 Qh4 21. Ba3 fxg2
22. Kxg2 Rf6 23. Nxf5 Rxf5 24. Qd3 Rf3 25. Qe2 Bxa3 26. Qe6+ Kg7 27. Qe5+ Kg6
28. Rxa3 Rbf8 29. Qe2 Qf6 30. Raa1 Qxd4 31. Rae1 h5 32. Qe6+ Qf6 33. Kg1 Qxe6
34. Rxe6+ R8f6 35. Re8 c5 36. Re5 c6 37. Re8 Rc3 38. Rc1 c4 39. Re3 Rf3 40. Re6+
Rf6 41. Re3 Rxe3 42. fxe3 Rf3 43. bxc4 dxc4 44. Rb1 Rxe3 45. Rb6 Rc3 46. Rxa6
Rxc2 47. Rxc6+ Kg5 48. a5 Kf4 49. a6 Kf3 50. Rf6+ Ke3 51. Re6+ Kd4 52. Rd6+ Kc3
53. a7 Ra2 54. Rd7 h4 55. Rg7 h3 56. Rc7 Kd4 57. Rd7+ Kc5 58. Rc7+ Kb5 59. Rb7+
Kc6 60. Rb4 Kd5 61. Rb7 c3 62. Rc7 Kd4 63. Rd7+ Ke3 64. Re7+ Kd3 65. Rd7+ Ke2
66. Re7+ Kd1 67. Rd7+ Kc1 68. Rc7 c2 69. Rb7 Kd2 70. Rd7+ Kc3 71. Rc7+ Kb2 72.
Rb7+ Ka1 73. Rc7 Kb1 74. Rb7+ Kc1 75. Rc7 Ra1 76. Kf2 Ra3 77. Rd7 Kb2 78. Rb7+
Kc3 79. Rc7+ Kd2 80. Rd7+ Kc1 81. Rc7 Rf3+ 82. Kg1 Rf8 83. Rb7 Kd2 84. Rd7+ Ke2
85. Re7+ Kd3 86. Rd7+ Kc3 87. Rc7+ Kd2 88. Rd7+ Kc1 89. Rb7 Kd2 90. Rd7+ Kc3 91.
Rc7+ Kd3 92. Rd7+ Ke2 93. Re7+ Kd1 94. Rd7+ Kc1 95. Rb7 Ra8 96. Kf2 Kd2 97. Rd7+
Kc3 98. Rc7+ Kd3 99. Rd7+ Ke4 100. Rc7 Rxa7 101. Rxc2 Ra3 102. Rc1 Kf4 103. Kg1
Ra2 104. Rf1+ Ke3 105. Re1+ Kd3 106. Rd1+ Ke2 107. Rb1 Rd2 108. Ra1 Kf3 109.
Rf1+ Ke3 110. Re1+ Kf4 111. Rf1+ Kg5 112. Ra1 Kh4 113. Rb1 Rg2+ 114. Kh1 Ra2
115. Kg1 Rg2+ 116. Kh1 Re2 117. Kg1 Rd2 118. Ra1 Rd5 119. Rb1 Kg5 120. Ra1 Rd2
121. Rb1 Kf4 122. Rf1+ Ke3 123. Re1+ Kd3 124. Ra1 Rg2+ 125. Kh1 Rc2 126. Kg1
Rg2+ 127. Kh1 Rf2 128. Kg1 Rg2+ 129. Kh1 Rf2 130. Kg1 1/2-1/2

[Event "Mondiale Semilampo FIDE 2024"]
[Site "New York"]
[Date "28.12.2024"]
[Round "10.32"]
[White "Svane, Rasmus"]
[Black "Durarbayli, Vasif"]
[Result "0-1"]
[WhiteTitle "GM"]
[BlackTitle "GM"]
[WhiteElo "2628"]
[BlackElo "2622"]
[WhiteFideId "4657101"]
[BlackFideId "13402935"]
[EventDate "26.12.2024"]

1. d4 Nf6 2. c4 e6 3. Nf3 b6 4. g3 Bb7 5. Bg2 Bb4+ 6. Bd2 c5 7. Bxb4 cxb4 8. O-O
O-O 9. Qd3 a5 10. Nbd2 Na6 11. Rfd1 Qc7 12. Rac1 Rac8 13. Ne1 Rfe8 14. e4 e5 15.
f3 h5 16. Nf1 h4 17. dxe5 Qxe5 18. Qd4 Qxd4+ 19. Rxd4 hxg3 20. hxg3 d5 21. exd5
Bxd5 22. Nd3 Bc6 23. Kf2 Rcd8 24. Rxd8 Rxd8 25. Ne5 Bb7 26. Rc2 Nc5 27. Rd2 Re8
28. Nd3 Na4 29. Ne3 Rd8 30. Ke2 Kf8 31. Nd1 Ng4 32. fxg4 Bxg2 33. b3 Nc3+ 34.
Nxc3 bxc3 35. Rd1 Be4 36. Nf2 Bf3+ 0-1

[Event "Mondiale Semilampo FIDE 2024"]
[Site "New York"]
[Date "28.12.2024"]
[Round "10.33"]
[White "Andriasian, Zaven"]
[Black "Nogerbek, Kazybek"]
[Result "1-0"]
[WhiteTitle "GM"]
[BlackTitle "GM"]
[WhiteElo "2554"]
[BlackElo "2527"]
[WhiteFideId "13302000"]
[BlackFideId "13710427"]
[EventDate "26.12.2024"]

1. e4 e5 2. Nf3 Nc6 3. Bc4 Nf6 4. d3 Bc5 5. Nbd2 d6 6. c3 a5 7. Bb3 Ba7 8. h3 h6
9. Nf1 d5 10. Qe2 a4 11. Bc2 a3 12. b4 d4 13. b5 Ne7 14. cxd4 Bxd4 15. Nxd4 Qxd4
16. Rb1 Be6 17. Bb3 Bxb3 18. Rxb3 Nd7 19. Qc2 Qc5 20. Ne3 Qxc2 21. Nxc2 Nc5 22.
Rc3 Ne6 23. Bxa3 Ra5 24. Rb3 Ng6 25. O-O Ngf4 26. Re1 Kd7 27. h4 Nd4 28. Nxd4
exd4 29. Bc1 Ne6 30. a3 g5 31. hxg5 hxg5 32. f3 f6 33. Rd1 Rha8 34. Kf2 Kd6 35.
Bd2 Ra4 36. Bb4+ Ke5 37. Rb2 Rh8 38. Rc2 Raa8 39. Kg3 Rh7 40. Rdc1 Ra4 41. Rc4
Ra8 42. a4 b6 43. Bd2 Nc5 44. Rxc5+ bxc5 45. Rxc5+ Ke6 46. a5 Rh1 47. Rxc7 Kd6
48. b6 Rb1 49. Rc4 Rb3 50. Bb4+ Ke6 51. b7 Rb8 52. a6 1-0

[Event "Mondiale Semilampo FIDE 2024"]
[Site "New York"]
[Date "28.12.2024"]
[Round "10.34"]
[White "Liang, Awonder"]
[Black "Lenderman, Aleksandr"]
[Result "1/2-1/2"]
[WhiteTitle "GM"]
[BlackTitle "GM"]
[WhiteElo "2687"]
[BlackElo "2480"]
[WhiteFideId "2056437"]
[BlackFideId "2021285"]
[EventDate "26.12.2024"]

1. a3 d5 2. Nf3 c5 3. e3 Nc6 4. b4 e6 5. Bb2 Nf6 6. b5 Na5 7. Be2 Bd6 8. g4 h6
9. d3 b6 10. Rg1 Bb7 11. h4 d4 12. e4 Nd7 13. a4 Nf8 14. h5 e5 15. c4 Ne6 16.
Nbd2 Qc7 17. Nh4 O-O-O 18. Qc2 Kb8 19. O-O-O Rhg8 20. Kb1 g6 21. Bc1 Be7 22. Ng2
Bg5 23. Bb2 Bxd2 24. Qxd2 g5 25. Qc2 Rd6 26. Bc1 Bc8 27. Bd2 Ka8 28. Kb2 Bd7 29.
Ra1 Rb8 30. Rgb1 Nd8 31. Kc1 Rf6 32. Be1 Ne6 33. f3 Nf4 1/2-1/2

[Event "Mondiale Semilampo FIDE 2024"]
[Site "New York"]
[Date "28.12.2024"]
[Round "10.35"]
[White "Niemann, Hans Moke"]
[Black "Karthik, Venkataraman"]
[Result "1-0"]
[WhiteTitle "GM"]
[BlackTitle "GM"]
[WhiteElo "2734"]
[BlackElo "2603"]
[WhiteFideId "2093596"]
[BlackFideId "25006479"]
[EventDate "26.12.2024"]

1. e4 c5 2. Nf3 Nc6 3. Bb5 e6 4. O-O Nd4 5. Nxd4 cxd4 6. c3 a6 7. Bd3 Bc5 8. b4
Ba7 9. Na3 Ne7 10. Nc2 dxc3 11. dxc3 d6 12. Be3 Bxe3 13. Nxe3 O-O 14. Qd2 Qc7
15. Rfd1 Ng6 16. Bf1 Rd8 17. a4 b6 18. Nc4 d5 19. exd5 exd5 20. Qd4 Rb8 21. a5
b5 22. Nb6 Be6 23. g3 Rd6 24. Bg2 Rbd8 25. Rd3 Ne7 26. Re1 h6 27. h4 Nc8 28.
Nxc8 Rxc8 29. Re5 Qc4 30. Qe3 Kf8 31. Kh2 Qc6 32. Qe1 Qd7 33. Qd2 Rd8 34. Rd4
Kg8 35. Bf3 Kf8 36. Qd3 Kg8 37. Bd1 Qe7 38. Bc2 Qf6 39. f4 Kf8 40. Qe3 Rc6 41.
f5 Bc8 42. Rdxd5 Rcd6 43. Qc5 Bb7 44. Rxd6 Qxd6 45. Bb3 Qxc5 46. Rxc5 Rd2+ 47.
Kg1 Rg2+ 48. Kf1 Rxg3 49. Kf2 Rd3 50. Rc7 Be4 51. Bc2 Rd2+ 52. Ke3 Rxc2 53. Kxe4
h5 54. c4 bxc4 55. b5 axb5 56. a6 Re2+ 57. Kd4 Re8 58. a7 g5 59. fxg6 Kg7 60.
gxf7 Rd8+ 61. Kc3 Rd3+ 62. Kc2 Ra3 63. f8=Q+ Kxf8 64. Rc8+ Kf7 65. a8=Q Rxa8 66.
Rxa8 Kg6 67. Kc3 Kf5 68. Rg8 1-0

[Event "Mondiale Semilampo FIDE 2024"]
[Site "New York"]
[Date "28.12.2024"]
[Round "10.36"]
[White "Safarli, Eltaj"]
[Black "Makarian, Rudik"]
[Result "1-0"]
[WhiteTitle "GM"]
[BlackTitle "IM"]
[WhiteElo "2610"]
[BlackElo "2547"]
[WhiteFideId "13402129"]
[BlackFideId "44105681"]
[EventDate "26.12.2024"]

1. e4 c5 2. Nf3 d6 3. Bc4 Nc6 4. d3 Nf6 5. O-O Bg4 6. h3 Bh5 7. g4 Bg6 8. Nh4 e5
9. Nc3 Be7 10. a4 Nxe4 11. Nxg6 Nxc3 12. Bxf7+ Kd7 13. bxc3 hxg6 14. Rb1 Kc7 15.
Kg2 Bg5 16. Bd5 Bxc1 17. Qxc1 Qh4 18. Qe3 Raf8 19. d4 exd4 20. cxd4 Nb4 21. Bxb7
cxd4 22. Qg3 Qxg3+ 23. Kxg3 a5 24. Be4 g5 25. Rfd1 Rf4 26. Bg2 d5 27. Rb3 Kb6
28. c3 dxc3 29. Rxc3 Rc4 30. Re3 Rd8 31. Re5 Rc3+ 32. Kh2 Kc5 33. Rxg5 Rd7 34.
h4 Ra3 35. h5 Rxa4 36. Rf5 Ra2 37. g5 a4 38. Rc1+ Rc2 39. Ra1 Ra7 40. g6 a3 41.
Rf7 Rxf7 42. gxf7 Rxf2 43. Rf1 Rxf7 44. Rxf7 a2 45. Ra7 d4 46. Be4 Kc4 47. Ra3
d3 48. Bxd3+ Nxd3 49. Rxa2 Kd4 50. Kg3 Ke5 51. Kg4 Nb4 52. Rf2 Nd5 1-0